Chemoenzymatická syntéza bioaktívnych glykofenolík dizertačná práca
Salvato in:
| Autore principale: | |
|---|---|
| Natura: | Libro |
| Lingua: | slovacco |
| Pubblicazione: |
Bratislava
dizertačná práca
Peter Kis
|
| Accesso online: | Visualizza in OPAC |
| Tags: |
Nessun Tag, puoi essere il primo ad aggiungerne!!
|
MARC
| LEADER | 00000nam a2200000 a 4500 | ||
|---|---|---|---|
| 005 | 20260127134158.0 | ||
| 008 | 200525 2019 xo a 001 0 slo d | ||
| 035 | |a vtls011968990 | ||
| 039 | 9 | |y 202005251238 |z mschk03 | |
| 040 | |a STUSCHK1 |b slo |c STUSCHK1 |e AACR2 | ||
| 100 | 1 | |a Kis, Peter | |
| 245 | 1 | |a Chemoenzymatická syntéza bioaktívnych glykofenolík |b dizertačná práca |c Peter Kis | |
| 260 | |a Bratislava |b dizertačná práca |c Peter Kis | ||
| 300 | |a 204 s. |b Obr., tab. |c 25 cm | ||
| 500 | |a Študijný program: organická chémia | ||
| 500 | |a Študijný odbor: organická chémia | ||
| 500 | |a Školiace pracovisko: Oddelenie glykochémie,Chemický ústav SAV | ||
| 500 | |a Evid. číslo: FCHPT-19989-68644 | ||
| 910 | |a SCHK95 | ||
| 999 | |c 5983 |d 5983 | ||